Química - nomenclatura inorgânicos - Statistics

Estatísticas Gerais
  • Esse quiz foi jogado 1 111 vezes
  • A pontuação média é 10 de 20
Estatísticas das Respostas
Composto Nomenclatura % Correto
CO2 dióxido de carbono
89%
NaCl cloreto de sódio
86%
HCl ácido clorídrico
80%
CO Monóxido de carbono
70%
NaOH Hidróxido de sódio
68%
H2SO4 ácido sulfúrico
59%
CaCl2 cloreto de cálcio
56%
H3PO4 ácido fosfórico
53%
HNO3 ácido nítrico
51%
NO2 dióxido de nitrogênio
49%
Mg(OH)2 Hidróxido de magnésio
48%
ZnSO4 sulfato de zinco
45%
H2CO3 ácido carbônico
44%
KNO3 nitrato de potássio
43%
NH4OH Hidróxido de amônio
41%
Fe(OH)2 hidróxido de ferro II
37%
Fe2O3 óxido férrico
28%
N2O3 trióxido de dinitrogênio
22%
Ca(ClO)2 hipoclorito de cálcio
15%
NaHCO3 hidrogeno carbonato de sódio
10%
Nenhum quiz correspondente encontrado
Distribuição das Pontuações
Porcentagem de Pessoas com Cada Pontuação
Percentil de Números Respondidos
Sua Pontuação Histórica
Você não jogou esse quiz